书目信息 |
| 题名: |
越南语人际称谓研究
|
|
| 作者: | 孙衍峰 著 | |
| 分册: | ||
| 出版信息: | 北京 外文出版社 2009.01 |
|
| 页数: | 250页 | |
| 开本: | 23cm | |
| 丛书名: | ||
| 单 册: | ||
| 中图分类: | H443 | |
| 科图分类: | ||
| 主题词: | 越南语--yue nan yu--称谓--研究 | |
| 电子资源: | ||
| ISBN: | 978-7-119-05788-0 | |
| 000 | 00832nam0 2200253 450 | |
| 001 | 012010573320 | |
| 005 | 20100407191001.53 | |
| 010 | @a978-7-119-05788-0@dCNY32.00 | |
| 100 | @a20100407d2009 em y0chiy0120 ea | |
| 101 | 0 | @achi@avie |
| 102 | @aCN@b110000 | |
| 105 | @ak a 000yy | |
| 106 | @ar | |
| 200 | 1 | @a越南语人际称谓研究@Ayue nan yu ren ji cheng wei yan jiu@f孙衍峰著@Fsun yan feng zhu |
| 210 | @a北京@c外文出版社@d2009.01 | |
| 215 | @a250页@d23cm | |
| 300 | @a河南省社科联社社科成果出版资助项目 | |
| 320 | @a有书目 (第240-250页) | |
| 330 | @a本书将越语人际称谓分为亲属称谓、社会称谓、姓名称谓和指代称谓4部分进行偏重于静态的共时研究。 | |
| 606 | 0 | @a越南语@Ayue nan yu@x称谓@x研究 |
| 690 | @aH443@v4 | |
| 701 | 0 | @a孙衍峰@Asun yan feng@4著 |
| 801 | 0 | @aCN@bQSSK@c20100407 |
| 905 | @b775946-50@dH443@eS971@f5 | |
| 越南语人际称谓研究/孙衍峰著.-北京:外文出版社,2009.01 |
| 250页;23cm |
| 河南省社科联社社科成果出版资助项目 |
| ISBN 978-7-119-05788-0:CNY32.00 |
| 本书将越语人际称谓分为亲属称谓、社会称谓、姓名称谓和指代称谓4部分进行偏重于静态的共时研究。 |
| ● |
| 相关链接 |
|
|
|
正题名:越南语人际称谓研究
索取号:H443/S971
 
预约/预借
| 序号 | 登录号 | 条形码 | 馆藏地/架位号 | 状态 | 备注 |
| 1 | 775946 | 207759460 | 语言库209/209语言库 135排2列6层/ [索取号:H443/S971] | 在馆 | |
| 2 | 775947 | 207759479 | 语言库209/209语言库 135排2列6层/ [索取号:H443/S971] | 在馆 | |
| 3 | 775948 | 207759488 | 语言库209/209语言库 135排2列6层/ [索取号:H443/S971] | 在馆 | |
| 4 | 775949 | 207759497 | 语言库209/209语言库 135排2列6层/ [索取号:H443/S971] | 在馆 | |
| 5 | 775950 | 207759503 | 语言库209/209语言库 135排2列6层/ [索取号:H443/S971] | 在馆 |